000 01127nam a22003497a 4500
001 BR0503228
003 BR-BrBNA
005 20230928101923.0
007 ta
008 230509b bl.||||| |||| 00| 0 por d
040 _aBR-BrBNA
_bpor
_cBiblioteca Nacional de Agricultura
041 _a(Por)
072 _aP01; E50
090 _ P01 BR0503228
100 1 _aMiklós, A.A. de W.(coord.)
110 1 _aAssociação Brasileira de Agricultura Biodinâmica, Botucatu, SP (Brasil)
_9803
111 1 _a4. Conferência Brasileira de Agricultura Biodinâmica
_cSão Paulo, SP (Brazil)
_d16-19 Nov 2000
245 1 _aAgricultura biodinâmica: a dissociação entre homem e natureza; reflexos do desenvolvimento humano
260 3 _aSão Paulo, SP (Brasil):
_c2001.
300 _a287 p.
500 _aSeveral bibliography
650 _aAGRICULTURA
650 _aMEIO AMBIENTE
650 _aHOMEM
650 _aINTEGRAÇÃO
650 _aNATUREZA
650 _aDESENVOLVIMENTO SOCIAL
650 _aRECURSO NATURAL
650 _aDESENVOLVIMENTO SUSTENTÁVEL
909 _a202309
_bLucia
_c55
_dLucia Elande
942 _cBK
999 _c68224
_d68224